| Tag |
First Indicator |
Second Indicator |
Subfields |
| LEADER |
00000cam a2200000Ka 4500 |
| 001 |
in00002358813 |
| 005 |
20211129154856.0 |
| 006 |
m d f |
| 008 |
070823s2002 dcu sb f000 0 eng d |
| 035 |
|
|
|a (OCoLC)ocn166270010
|
| 040 |
|
|
|a GPO
|c GPO
|d MvI
|d UtOrBLW
|
| 049 |
|
|
|a WWW
|
| 074 |
|
|
|a 0431-E-04 (online)
|
| 086 |
0 |
|
|a TD 4.210:02/17
|
| 100 |
1 |
|
|a Hunter, David R.
|
| 245 |
1 |
0 |
|a Risk perception and risk tolerance in aircraft pilots /
|c David R. Hunter.
|
| 264 |
|
1 |
|a Washington, DC :
|b U.S. Dept. of Transportation, Federal Aviation Administration, Office of Aerospace Medicine,
|c [2002]
|
| 300 |
|
|
|a i, 23 pages :
|b digital, PDF file.
|
| 336 |
|
|
|a text
|b txt
|2 rdacontent
|
| 337 |
|
|
|a computer
|b c
|2 rdamedia
|
| 338 |
|
|
|a unspecified
|b zu
|2 rdacarrier
|
| 538 |
|
|
|a Mode of access: Internet from the FAA web site. Address as of 8/23/07: http://www.faa.gov/library/reports/medical/oamtechreports/2000s/media/0217.pdf; current access is available via PURL.
|
| 500 |
|
|
|a Title from title screen (viewed on Aug. 23, 2007).
|
| 500 |
|
|
|a "DOT/FAA/AM-02/17."
|
| 500 |
|
|
|a "September 2002."
|
| 500 |
|
|
|a "Final report."
|
| 504 |
|
|
|a Includes bibliographical references.
|
| 500 |
|
|
|a Electronic resource.
|
| 650 |
|
0 |
|a Air pilots
|x Attitudes.
|
| 650 |
|
0 |
|a Air pilots
|x Psychology.
|
| 650 |
|
0 |
|a Risk perception.
|
| 650 |
|
0 |
|a Aircraft accidents.
|
| 776 |
0 |
|
|a Hunter, David R.
|t Risk perception and risk tolerance in aircraft pilots
|h i, 23 p.
|w (OCoLC)50849794
|
| 710 |
1 |
|
|a United States.
|b Office of Aerospace Medicine.
|
| 856 |
4 |
0 |
|u https://purl.fdlp.gov/GPO/LPS85267
|t 0
|
| 999 |
|
|
|a MARS
|
| 999 |
f |
f |
|s 961a9267-4541-3113-a9a2-423d5d50c15a
|i 26aef470-5792-34c8-a496-a634cb3db9f9
|t 0
|
| 952 |
f |
f |
|a Texas A&M University
|b College Station
|c Electronic Resources
|d Available Online
|t 0
|e TD 4.210:02/17
|h Superintendent of Documents classification
|
| 998 |
f |
f |
|a TD 4.210:02/17
|t 0
|l Available Online
|